Normal view
MARC view
Entry Personal Name
001 - CONTROL NUMBER
- control field: 14277
003 - CONTROL NUMBER IDENTIFIER
- control field: BD-RjUL
005 - DATE AND TIME OF LATEST TRANSACTION
- control field: 20241117122159.0
008 - FIXED-LENGTH DATA ELEMENTS
- fixed length control field: 241117|| aca||aabn | a|a d
040 ## - CATALOGING SOURCE
- Original cataloging agency: BD-RjUL
- Transcribing agency: BD-RjUL
100 ## - HEADING--PERSONAL NAME
- Personal name: Nawaz, Md. Shahjada
670 ## - SOURCE DATA FOUND
- Source citation: Work cat.: (BD-RjUL)84309: Nawaz, Md. Shahjada, Longitudinal Growth Modeling on Children from Jessore District /, 2021